000 00274nam a22000977a 4500
008 230429b |||||||| |||| 00| 0 eng d
020 _a9780340893210
100 _aBlyton Guid
_97607
245 _aThe Secret Seven ( Fun for the Secret Seven)
260 _aLondon
_bHodder Children
999 _c12300
_d12300